000
00334nam a2200121Ia 4500
003
GCL
008
140319s9999 xx 000 0 ara d
040
_a
GCL /
_c
GCL
082
0
4
_a
813.0873
_b
ج ر
245
1
0
_a
فتاه الفيروان
260
_a
[S.N] :
_b
دار الجيل
490
_a
روايات الجيل الرومانسية
_v
0
999
_c
55563
_d
55563